[Event "Reggio Emilia-A 51st"]
[Site "Reggio Emilia"]
[Date "2009.01.03"]
[Round "8"]
[White "Almasi, Zoltan"]
[Black "Ni, Hua"]
[Result "0-1"]
[WhiteElo "2663"]
[BlackElo "2710"]
[Annotator "Rogozenco,D"]
[PlyCount "82"]
[EventDate "2008.12.27"]
[EventType "tourn"]
[EventRounds "9"]
[EventCountry "ITA"]
[EventCategory "14"]
[SourceTitle "CBM 128"]
[Source "ChessBase"]
[SourceDate "2009.01.28"]
[SourceVersion "1"]
[SourceVersionDate "2009.01.28"]
[SourceQuality "1"]

{[%mdl 2] The present game was played in the penultimate round of the 51st
Reggio Emilia tournament and had a crucial importance in the fight for the
first place. The Chinese Grandmaster Ni Hua was leading with 5.5 points out of
7, Almasi was in the second position with half a point less. Thus the
Hungarian needed to win this game in order to take the lead and very likely
win the tournament. Alas, the pressure must have been very high and Almasi
lost the game practically in just one move.} 1. e4 c5 2. Nf3 Nc6 3. d4 cxd4 4.
Nxd4 Nf6 5. Nc3 e5 6. Ndb5 d6 7. Bg5 a6 8. Na3 b5 9. Bxf6 gxf6 10. Nd5 f5 11.
Bd3 Be6 12. c3 Bg7 13. Nxb5 {This interesting piece sac represents a topical
variation of the modern theory of the Sveshnikov Sicilian. Almasi has played
it before and Ni Hua came well prepared.} axb5 14. Bxb5 Bd7 15. exf5 Nb8 {
A relatively rare move, advocated in the past by yours truly.} ({The latest
results of the much more popular} 15... O-O {are not particularly encouraging
for Black. Here are two recent examples from GM Kotronias:} 16. O-O ({Castling
is stronger than} 16. Qg4 {after which Black can choose between} Nb8 {and 16...
Kh8}) 16... Re8 17. Qg4 Kh8 18. a4 e4 19. Rad1 Re5 20. Ne3 d5 (20... Qf6 21.
Qh5 Ra7 22. f4 Re8 23. Kh1 Ne7 24. g4 $16 {1-0 Kotronias,V (2587)-Papadopoulos,
I (2452)/Rhodes 2008 (32)}) 21. Rxd5 Rxd5 22. Nxd5 Ne5 23. Qxe4 Bxf5 24. Qxf5
Qxd5 25. Re1 $16 {1-0 Kotronias,V (2587)-Parligras,M (2611)/Dresden 2008 (60)})
16. Qg4 (16. f6 Bxf6 17. Qf3 Bg7 18. Nc7+ Qxc7 19. Bxd7+ Nxd7 20. Qxa8+ Ke7 21.
Qd5 Rb8 $132) (16. Bd3 Na6 (16... Ra5 $5) 17. O-O (17. Qf3 Nc5 18. Nc7+ $140 $6
Qxc7 19. Qxa8+ Ke7 20. Qf3 Rb8 $36) 17... Nc7 18. Be4 Nxd5 (18... Rb8 19. b4
Nxd5 20. Qxd5 Ba4 $5 $13) 19. Qxd5 Ra6 20. a4 (20. b4 O-O 21. b5 Ra4 (21... Rb6
$2 22. a4 $16) (21... Ra3 $5 22. Qxd6 Ra4 23. Rad1 Rxe4 24. Qxd7 Qxd7 25. Rxd7
Rb8 $13) 22. Bc2 Ra3 $1 $132) 20... O-O 21. a5 Bc6 22. Qc4 (22. Qd3 Qa8 $15)
22... Qc8 (22... Qa8 23. Bd3 Ra7 24. Qg4 f6 25. b4 Rb8 26. Rab1 d5 27. b5 Be8
28. a6 Rb6 29. c4 $16 {1-0 Edouard,R (2404)-Terrieux,K (2343)/Besancon 2006 
(36)}) 23. Rfd1 (23. Bd3 Ra8 $13) 23... Bxe4 24. Qxe4 Qc7 25. Rd5 Rfa8 26. Rb5
Bf6 27. Qd5 Bd8 28. g3 Rxa5 (28... Kg7 29. Kg2 Rxa5) (28... Qd7 $5) 29. Raxa5
Rxa5 30. Rxa5 Qxa5 31. Qxd6 Kg7 {1/2-1/2 Lupulescu,C (2546)-Rogozenco,D (2529)/
Galati 2005}) ({I believe the critical test for 15...Nb8 is the move} 16. a4 {
Then} Bxb5 (16... Kf8 17. Bxd7 Nxd7 18. O-O Nf6 19. b4 Nxd5 20. Qxd5 Ke7 21. a5
$16 {1-0 Pavlidis,A (2280)-Klokas,K (2160)/Plovdiv 2008 (44)}) 17. axb5 Rxa1
18. Qxa1 O-O (18... Nd7 19. Qa7 $1) 19. O-O ({Not} 19. Qa4 $6 Nd7 20. O-O Nf6
21. Nxf6+ Bxf6 22. Rd1 d5 23. c4 d4 24. Qc2 Qa5 {gave Black the advantage in
0-1 Murariu,A (2435)-Rogozenco,D (2517)/Timisoara 2005 (43)}) 19... Nd7 20. Qa7
$1 {This move was mentioned to me by the correspondence player Thomas
Winckelmann, who is a specialist of the Sveshnikov Sicilian. Thomas believes
that White has a large advantage after it. However, things are not trivial.
Black can continue} e4 (20... Nf6 21. Ne7+ Kh8 22. b6 Qb8 23. Ra1 $18) 21. b6
Be5 22. Ra1 Nf6 {and White still has to find a way to make progress. For
instance in the event of} 23. Ne7+ ({or} 23. Nxf6+ Qxf6 24. b7 d5) 23... Kg7
24. Nc6 Qe8 25. Nxe5 (25. Qc7 $6 Nd5) 25... Qxe5 26. b7 Nd7 {Black stops the
passed pawn and has good chances to defend successfully.  Undoubtedly for the
final evaluation of 16.a4 more practical material is needed.}) 16... O-O {
A new move in this particular position. Actually the game is quite remarkable
due to the fact that Ni Hua manages to produce two novelties in one single
game!} (16... Kf8 17. Bc4 h5 18. Qf3 Bc6 19. f6 Bh6 20. O-O Nd7 21. Rfd1 Ra7
22. Qd3 Bxd5 23. Qxd5 Qxf6 24. Qxd6+ Qxd6 25. Rxd6 Ke7 26. Rad1 Nf6 27. Rc6 e4
28. g3 Rb8 29. b4 Bg7 30. a4 Nd7 31. Bb5 {1/2-1/2 Istratescu,A (2633)-Felgaer,
R (2591)/Dresden 2008}) 17. O-O {White has nothing better than this, but now
the game transposes into Vallejo-Topalov, Linares 2004, which reached the
present position with the move order 15...0-0 16.Qg4 (better is 16.0-0, see
above) 16...Nb8 17.0-0.} h5 (17... Bxb5 $2 18. f6 $18) 18. Qf3 (18. Qxh5 $2
Bxb5 19. f6 Bxf6 $19) (18. Qe2 Bxf5 19. Qxh5 Be4 20. Rfd1 Nd7 $15) 18... e4 $1
$146 {The second novelty in this game. Black sacrifices a pawn in order to
activate his pieces (the e-file for the rook, the long diagonal for the bishop
and free square e5).} (18... Qg5 19. a4 Ra7 20. Qe3 (20. f6 $5 Bh6 21. Rfd1)
20... Qxe3 21. fxe3 Bh6 22. e4 Bg5 23. b4 $14 {1/2-1/2 Vallejo Pons,F (2663)
-Topalov,V (2735)/Linares 2004 (33)}) (18... Bxb5 19. f6 $36) 19. Qxe4 Re8 (
19... Bxb5 {is bad:} 20. Ne7+ Kh8 21. Qh4 Bh6 (21... Be2 22. f6 Bh6 23. Rfe1
Bg4 24. h3 Qd7 25. Re4 $18) 22. Qxh5 Kh7 (22... Qxe7 23. Qxh6+ Kg8 24. f6 $18)
(22... Kg7 23. f6+ Kxf6 24. Rae1 {[%cal Gh5h6]} Rh8 (24... Bd2 25. f4 {[%cal
Gh5g5]} Bxe1 26. Qg5+ Ke6 27. Qf5+ Kxe7 28. Rxe1+) 25. Qg4 {[%cal Ge7d5]} d5
26. Qd4+ Kg5 27. Qe5+ $18) 23. Rfe1 {Creating the threat 24.Re6!} Rg8 (23...
Be8 24. Re3 f6 25. Qh4 Rh8 26. Nd5 $18) 24. f6 $18) 20. Qd3 Bxb5 21. Qxb5 Nd7 {
White has four pawns for the bishop, but he can't easily advance them due to
the activity of Black's pieces. Therefore I think that the chances for both
sides are about equal.  Now White must do something against the threat 22...
Rab8 followed by 23...Rxb2.} 22. Rfd1 $2 {Maintaining good control in the
centre is a part of White's strategy in this system, but this move is a result
of a miscalculation.  It was necessary to keep the b-pawn alive. Almost any
move would have been better than the game one, although both} (22. Qc6 Ne5) ({
and} 22. b4 {allow Black to achieve counterplay:} Nf6 {[%csl Rc3]} 23. Rfc1 (
23. Nxf6+ Qxf6 24. Rfc1 Bh6 25. Rc2 Rab8 26. Qa4 (26. Qd3 Rxb4 $17) 26... Qxf5
$17) 23... Re5 24. Nxf6+ Qxf6 25. Qd3 Rxf5 {[%csl Rf2]}) ({After the normal} 
22. Qd3 Nf6 (22... Nc5 $2 23. Qf3 $16) 23. Nxf6+ (23. Nb4 $5) 23... Qxf6 24. a4
Re5 25. b4 Qxf5 (25... Rxf5 26. a5 Rg5 27. Rfc1 $13 {/+/=}) 26. Qxf5 Rxf5 27.
Rfc1 Kf8 {the draw looks like the most likely result.}) ({The position
remained double-edged also after} 22. Nb4 $13) 22... Rb8 23. Qa6 Rxb2 24. Rab1
{A sad necessity.} ({Probably, when choosing 22.Rfd1, Almasi missed that now} 
24. Qxd6 {loses by force, since after} Be5 25. Qc6 {Black has a tactical blow}
(25. Qxd7 Qxd7 26. Nf6+ Bxf6 27. Rxd7 Ree2 $19) (25. Nf6+ Bxf6 26. Qxd7 Re1+
$19) 25... Bxh2+ $1 {and White gets mated:} ({but not} 25... Qh4 $2 26. g3 $18)
26. Kxh2 ({or} 26. Kh1 Qh4 $19) 26... Qh4+ 27. Kg1 Qxf2+ 28. Kh1 Qxg2#) 24...
Rxb1 25. Rxb1 Nf6 $19 {Without the b-pawn the situation is changed
dramatically: from a potential power-house, White's queenside pawns represent
only weaknesses now. Nominally White still has three pawns for the piece, but
in reality the four pawns on the kingside are worth nothing, while the other
two are weaknesses.} 26. Qd3 Nxd5 27. Qxd5 Re5 $1 (27... Bxc3 $2 28. Qf3 $17 {
[%csl Rc3,Rh5]}) 28. Qd3 Qf6 {The rest is quite elementary. White is helpless.}
29. g3 (29. a4 Qxf5 $19) 29... Qxf5 30. Qxf5 Rxf5 31. Rd1 Bf8 32. c4 Ra5 33.
Rd5 (33. Rd2 Ra4 34. Rc2 Kg7 $19) 33... Rxd5 34. cxd5 Be7 35. a4 Bd8 36. f4 f5
37. h3 Kf7 38. Kf2 Kg6 39. Ke2 h4 40. g4 fxg4 41. hxg4 Ba5 (41... Ba5 42. Kf3
Bd2 43. Ke4 (43. f5+ Kg5 44. Ke2 Ba5 45. Kf3 Bc3 $19) 43... h3 44. Kf3 Bxf4 45.
a5 h2 46. Kg2 Kg5 47. a6 Be3 48. Kxh2 Kxg4 $19) 0-1

[Event "FRA-chT Top 16 Gp Basse"]
[Site "Le Port Marly"]
[Date "2009.05.28"]
[Round "8"]
[White "Delchev, Aleksander"]
[Black "Kotronias, Vasilios"]
[Result "0-1"]
[WhiteElo "2648"]
[BlackElo "2610"]
[Annotator "Rogozenco,D"]
[PlyCount "58"]
[EventDate "2009.05.28"]
[EventType "team-tourn"]
[EventRounds "11"]
[EventCountry "FRA"]
[SourceTitle "CBM 130 Extra"]
[Source "ChessBase"]
[SourceDate "2009.07.02"]
[SourceVersion "2"]
[SourceVersionDate "2009.07.15"]
[SourceQuality "1"]

1. e4 c5 2. Nf3 Nc6 3. d4 cxd4 4. Nxd4 Nf6 5. Nc3 e5 6. Ndb5 d6 7. Bg5 a6 8.
Na3 b5 9. Bxf6 gxf6 10. Nd5 f5 11. c3 Bg7 12. Bd3 Be6 13. Nxb5 axb5 14. Bxb5
Bd7 15. exf5 e4 16. O-O O-O 17. a4 Re8 18. Qg4 Kh8 19. Rad1 Rc8 $146 {An
important novelty for the theory of the variation. In this line Kotronias has
experience with the White pieces, therefore his improvement on the Black side
is most likely a result of careful analysis of the position. Black doesn't
expose his rook on e5 yet (he might need this square for other pieces as well)
and instead makes a useful move with the other rook, which wasn't doing much
on a8 anyway.} (19... Rb8 20. Rfe1 Qc8 21. Ne3 Ne5 22. Qxe4 Bxb5 23. axb5 Rxb5
24. Nd5 Rxb2 25. f6 Bf8 26. f4 Rb5 27. c4 Rc5 28. fxe5 Rxc4 29. Qe3 dxe5 30.
Kh1 $14 {1/2-1/2 Sebag,M (2530)-Ushenina,A (2476)/Krasnoturinsk 2008 (48)}) (
19... Re5 20. Ne3 d5 (20... Qf6 21. Qh5 Ra7 22. f4 Re8 23. Kh1 Ne7 24. g4 $16 {
1-0 Kotronias,V (2587)-Papadopoulos,I (2452)/Rhodes 2008 (32)}) 21. Rxd5 Rxd5
22. Nxd5 Ne5 23. Qxe4 Bxf5 24. Qxf5 Qxd5 25. Re1 $16 {1-0 Kotronias,V (2587)
-Parligras,M (2611)/Dresden 2008 (60)}) 20. Rfe1 (20. Ne3 {leaves Black with a
pleasant choice:} Ne5 ({or simply} 20... Be5 21. Rfe1 Qf6) 21. Qxe4 Nc4 {
and in both cases Black is at least not worse.}) 20... Re5 21. Ne3 Qf6 22. Qh5
{Delchev plays similarly to the aforementioned game Kotronias-Papadopoulos,
but the inclusion of moves Re1/Rc8 favour Black, who now has the knight
protected and can take on f5.} (22. Qe2 $142 Bxf5 23. Nxf5 Qxf5 24. Rxd6 Nb8
25. Red1 Bf6 $13) 22... Bxf5 23. Nxf5 Rxf5 24. Qh3 Ne5 25. Rxe4 Rg8 26. Rf1 (
26. Re2 $142 Qg6 27. Bd3 Nxd3 28. Qxd3 Ra5 29. Qxd6 Qg4 $15) 26... Qg6 27. Re3
$2 (27. Be2 Rxf2 28. Rxf2 Qxe4 $17) 27... Rh5 $19 {Suddenly White loses
because he cannot find a safe place for his queen.} 28. Qg3 Qh6 29. Re4 Rxh2 (
29... Bf6 $1 30. Qf4 Rxh2 31. Qxh6 Nf3#) (29... Rxh2 30. Qxh2 Nf3+ 31. gxf3
Be5+ 32. Qg3 Bxg3 33. fxg3 Rxg3+ 34. Kf2 Qh2+ 35. Ke3 Qxb2 $19) 0-1

[Event "Olympiad-36"]
[Site "Mallorca"]
[Date "2004.10.24"]
[Round "9"]
[White "Lutz, Christopher"]
[Black "Spasov, Vasil"]
[Result "1/2-1/2"]
[WhiteElo "2596"]
[BlackElo "2534"]
[Annotator "Rogozenco,D"]
[PlyCount "71"]
[EventDate "2004.10.15"]
[EventType "team-swiss"]
[EventRounds "14"]
[EventCountry "ESP"]
[SourceTitle "CBM 104"]
[Source "ChessBase"]
[SourceDate "2005.01.27"]
[SourceVersion "1"]
[SourceVersionDate "2005.01.27"]
[SourceQuality "1"]
[WhiteTeam "Germany"]
[BlackTeam "Bulgaria"]
[WhiteTeamCountry "GER"]
[BlackTeamCountry "BUL"]

1. e4 c5 2. Nf3 Nc6 3. d4 cxd4 4. Nxd4 Nf6 5. Nc3 e5 6. Ndb5 d6 7. Bg5 a6 8.
Na3 b5 9. Bxf6 gxf6 10. Nd5 f5 11. Bd3 Be6 12. O-O Bxd5 13. exd5 Ne7 14. Re1 {
This plan against Sveshnikov Sicilian was very popular in Calvia. Spasov is
well prepared and improves on an early game of Van Wely.} Bg7 15. c3 e4 16. Bf1
O-O 17. Qh5 Qc8 (17... Re8 18. Rad1 Ng6 $5 {Krasenkow's positional pawn
sacrifice is the latest idea for Black in the variation 14.Re1.} ({Black has
very good chances to equalize after} 18... Rc8 {[%cal Gc8c5]})) 18. Rad1 Re8 (
18... Ng6 $6 19. g3 $1 (19. Nc2 Re8 {transposes to the main game.}) 19... Re8
20. Bh3 Re5 21. Nc2 {is clearly better for White, which was demonstarted in
several games.}) 19. Nc2 Ng6 20. Nd4 ({Alternatives are:} 20. Nb4) ({and} 20.
g3) 20... Bxd4 21. Rxd4 Re5 22. Qh6 Qe8 $146 (22... Qc5 23. h4 $1 $36 {1-0
Dominguez,L-Van Wely,L/Mallorca 2004 (90)}) 23. h4 (23. a4 bxa4 24. Qd2 (24.
Ra1 f4 $132) 24... a3 $5 $13) 23... Qf8 $1 24. Qxf8+ Kxf8 25. g3 (25. h5 Nf4 (
25... Ne7 $11) 26. h6 Rxd5 (26... Ke7 27. g3 $13) 27. Rxd5 Nxd5 28. Rd1 Nc7 29.
Rxd6 Ke7 30. Rb6 $13 (30. Rc6 Ne6)) 25... Ne7 26. Red1 Rc8 $11 27. a4 Rc5 28.
axb5 axb5 29. c4 bxc4 30. Bxc4 Nc8 31. Ra1 Nb6 32. b3 Nxd5 33. Ra7 h5 34. Rb7
e3 35. fxe3 Nxe3 36. Rxd6 1/2-1/2

[Event "Moscow Aeroflot op-A"]
[Site "Moscow"]
[Date "2004.02.20"]
[Round "4"]
[White "Bacrot, Etienne"]
[Black "Yakovich, Yuri"]
[Result "1-0"]
[WhiteElo "2664"]
[BlackElo "2591"]
[Annotator "Rogozenco,D"]
[PlyCount "143"]
[EventDate "2004.02.17"]
[EventType "swiss"]
[EventRounds "9"]
[EventCountry "RUS"]
[SourceTitle "CBM 100"]
[Source "ChessBase"]
[SourceDate "2004.06.01"]
[SourceVersion "1"]
[SourceVersionDate "2004.06.01"]
[SourceQuality "1"]

1. e4 c5 2. Nf3 Nc6 3. d4 cxd4 4. Nxd4 Nf6 5. Nc3 e6 6. Ndb5 d6 7. Bf4 e5 8.
Bg5 a6 9. Na3 b5 10. Bxf6 gxf6 11. Nd5 Bg7 12. Bd3 Ne7 13. Nxe7 Qxe7 14. c4 f5
15. O-O O-O 16. Qf3 d5 17. cxd5 fxe4 18. Bxe4 Rb8 19. Rad1 (19. Rfd1 Qd7 20. d6
Rb6 21. Qd3 (21. Qc3 $2 Rxd6 {and Bf5 idea doesn't work any longer because
Black takes on d1 with check.}) 21... Rd8 22. Rac1 Bf8 $1 {and Black has good
chances to equalize, Vallejo Pons,F-Radjabov,T/Linares 2004.}) 19... Qd7 (19...
Rb6 $1 20. Qd3 Qd7 21. g3 f5 22. Bg2 Rh6 $44 {1/2-1/2 Leko,P-Radjabov,T/
Linares 2004 (27)}) 20. d6 Rb6 21. Qc3 $1 {A great move. Thanks to multiple
tactical tricks White keeps the advantage.} (21. Bd5 $2 Rxd6 22. Bb3 Kh8 23.
Rxd6 Qxd6 24. Rd1 Qg6 25. Qd5 f5 $17 {0-1 Carlsen,M-Zhigalko,S/Chalkidiki 2003
(33)}) (21. Qd3 Rd8 22. Bxh7+ Kh8 23. Qe3 Rxd6 24. Rxd6 Qxd6 25. Bb1 f5 $44 {
[%csl Ra3] 1/2-1/2 Lutz,C-Radjabov,T/Plovdiv 2003 (76)}) 21... Rxd6 (21... Rd8
22. Bf5 $1 {Anyway!} Qxf5 23. Qc7 $16) 22. Bf5 $1 Qc6 ({Interesting was} 22...
Rxd1 23. Bxd7 Rxd7 {although White's chances should be slightly preferable,
after} 24. Nc2 $14 {The knight comes into play and will coordinate well with
the queen. Besides, White has no weaknesses at all, his king is safe. So in
spite of two bishops and temporary initiative I think that Black must be happy
with a draw here.}) (22... Qxf5 $6 23. Rxd6 e4 24. Qd2 $16) 23. Rxd6 Qxd6 24.
Nxb5 $1 ({Weaker is} 24. Bxc8 b4 25. Qc4 (25. Qh3 bxa3 26. Bf5 h6) 25... bxa3
26. bxa3 a5 $14 {/=}) 24... axb5 25. Bxc8 {Black's chances to draw this
position are higher than White's chances to win.} f5 (25... e4 26. Qh3 $14 Bxb2
$6 27. Bf5 h6 28. Bxe4 $16) 26. Qb3+ Kh8 27. Rd1 Qc5 28. Bd7 b4 29. a3 bxa3 30.
Qxa3 Qc2 31. Qd3 Qxd3 32. Rxd3 e4 ({An interesting way to force matters is:} 
32... Rd8 $5 33. b4 (33. Bxf5 {As far as I can make out, this leads to
theoretical draw:} Rxd3 34. Bxd3 e4 $1 35. Bxe4 Bxb2 36. Bxh7 (36. f4 h6 37. g4
Kg7 38. Kg2 Bf6 39. Kg3 Bd8 40. h4 Be7 41. g5 hxg5 42. hxg5 Bd8 43. Kg4 Be7 44.
f5 Bd8 $11) 36... Kxh7 {This is a draw, according to my knowledge.}) 33... e4
34. Rd5 f4 (34... Bc3 35. b5 Ba5 36. g3 Kg7 37. Kf1 Bb6 38. Ke2 Ba7 39. f4 Bb6
40. h3 h5 {is also unclear how White can win this.}) 35. b5 Ra8 $132 {[%cal
Ga8a1,Ga1b1]}) 33. Rb3 f4 34. Kf1 Rd8 35. Bf5 e3 36. fxe3 fxe3 37. Ke1 Be5 38.
h3 Ra8 (38... Rb8 39. Rxb8+ (39. Rxe3 Bxb2 40. Re7 Bg7) 39... Bxb8 40. Ke2 Ba7
41. b4 Kg7 42. g4 h6 {this looks like a draw to me as well.}) 39. Rb5 Bd4 40.
Rb7 h6 41. Rh7+ Kg8 42. Rxh6 Bxb2 43. Ke2 Bd4 44. Rc6 Ra1 45. Bd3 Ra2+ 46. Bc2
{This is already difficult to hold.} Ra5 47. Rc4 Bb6 48. Kf3 Rc5 49. Rb4 $1 Ba7
50. Bb3+ Kh8 51. Re4 Rc7 52. g4 Rc3 53. Bc4 Bc5 54. h4 Rc2 55. g5 Rf2+ 56. Kg4
Kg7 57. Kh5 Rc2 58. Ba6 Rf2 59. Re5 Bd6 60. Rxe3 Rf4 61. Rd3 Be7 62. Rd7 Re4
63. Bd3 Re1 64. Rc7 Re3 65. Bc2 Re2 66. Rb7 Re1 67. Rb6 Bf8 68. Rg6+ Kh8 69.
Rf6 Kg7 70. Bb3 Re7 71. Rg6+ Kh7 72. Rg8 1-0

[Event "Moscow Aeroflot op-A"]
[Site "Moscow"]
[Date "2004.02.19"]
[Round "3"]
[White "Sulskis, Sarunas"]
[Black "Van Wely, Loek"]
[Result "0-1"]
[WhiteElo "2582"]
[BlackElo "2617"]
[Annotator "Rogozenco,D"]
[PlyCount "64"]
[EventDate "2004.02.17"]
[EventType "swiss"]
[EventRounds "9"]
[EventCountry "RUS"]
[SourceTitle "CBM 100"]
[Source "ChessBase"]
[SourceDate "2004.06.01"]
[SourceVersion "1"]
[SourceVersionDate "2004.06.01"]
[SourceQuality "1"]

1. e4 c5 2. Nf3 Nc6 3. d4 cxd4 4. Nxd4 Nf6 5. Nc3 e5 6. Ndb5 d6 7. Bg5 a6 8.
Bxf6 gxf6 9. Na3 b5 10. Nd5 f5 11. Nxb5 $6 (11. Bd3 Be6 12. c3 Bg7 13. Nxb5 {
is the correct move order, if White wishes to sacrifice the knight on b5.} axb5
14. Bxb5 Bd7) 11... axb5 12. Bxb5 Bb7 $1 {The old recommendation of E.
Sveshnikov practically made the line 11.Nxb5 disappear from the practice.} (
12... Bd7 13. exf5 Bg7 14. c3 $44) 13. exf5 Bg7 ({E. Sveshnikov recommended} 
13... Ra5 14. a4 Rxb5 15. axb5 Nd4 $36) 14. O-O $2 (14. f6 $1 {is the only
principled move, which can eventually underline drawbacks of 13...Bg7.} Bxf6
15. Qf3 Kf8 $5 (15... Bg7 16. Nb4 $1 O-O 17. Bxc6 (17. Nxc6 Qc7 $17) 17... e4
18. Qb3 $1 {and not clear if Black has sufficient compensation for two pawns.})
16. Bxc6 (16. Qxf6 Qxf6 17. Nxf6 Nd4 $17) (16. Nxf6 Qa5+ $17) 16... Bxc6 17.
Qxf6 Qxf6 18. Nxf6 Ke7 19. Ng4 Bxg2 20. Rg1 Be4 $44) 14... O-O 15. Bc4 Qg5 $17
16. a4 Kh8 (16... Qxf5 $17) 17. Ra3 (17. b4 $2 Nxb4 $19) (17. c3 Qxf5 $17 (
17... Rg8 18. Ne3 Ne7 $15)) (17. Ne3 Nd4 $17) 17... Qxf5 18. Ne3 Qg6 $19 {
White has just two pawns for the bishop, which is certainly not enough.} 19.
Bd5 Rab8 ({Black could prevent the march of the a-pawn with} 19... Rfb8 {
[%cal Gc6e7]} 20. Qf3 Nd4 $19) 20. a5 f5 21. a6 Ba8 22. a7 Rb5 (22... Rxb2 23.
Bxc6 Bxc6 24. Qa1 Rxc2 25. a8=Q f4 $5 $36) 23. c4 Rb6 24. b4 Rxb4 (24... Nxb4
25. Bxa8 Rxa8 26. Qf3 Nc6 $19) 25. Ra6 (25. Qd2 Rb6 $19) (25. Bxc6 $1 {This
could offer White some chances to complicate matters:} Bxc6 26. Qd2 Rb6 (26...
Rxc4 27. Qa2 Rg4 28. f3) 27. Qa5 Rb2 28. a8=Q Bxa8 29. Qxa8 f4 $5 30. Nd1 Rd2
31. Qa5 Qc2 32. Qa4 e4 $17 {[%cal Gg7d4]}) 25... Nd4 26. c5 f4 27. Rxd6 Qg5 28.
Nc2 f3 29. Ne1 (29. g3 Ne2+ 30. Kh1 Rh4 $19 {[%cal Gh4h2]}) 29... e4 30. Bxa8
Rxa8 31. Rb6 Rxb6 32. cxb6 fxg2 0-1